000 00473nam a2200157 4500
001 138810
003 ES-MaACL
005 20230906195636.0
007 t|
008 070214s1971 sp r ||||1| spa d
100 1 _aSanz y Ruiz de la Peña, Nicomedes.
_9103697
245 1 0 _aRomancero del recuerdo /
_cNicomedes Sanz y Ruiz de la Peña.
260 _aValladolid :
_b[s.n.],
_c1971 (
_fGráf. Ceres)
300 _a314 p. ;
_c17 cm.
852 _aES-MaACL
_jC-40850
_bR.76789
999 _c138810
_d138810